| 000 | 00454nam a22001577a 4500 | ||
|---|---|---|---|
| 003 | NUST | ||
| 020 | _a9787802590090 | ||
| 038 | _aAsim Zubair | ||
| 082 |
_a370.951 _bGAN |
||
| 100 |
_aHan,Gang _986520 |
||
| 245 |
_aRead China : _bhow china's development shapes Chinese people's lives in the changing world |
||
| 260 |
_aBeijing _bBeijing mediatime united , _c2010. |
||
| 300 |
_aill,280p _bHardcover _c24cm. |
||
| 563 | _aHardcover | ||
| 942 |
_2ddc _cBK |
||
| 999 |
_c587367 _d587367 |
||